000 00615cam a2200205 4500500
005 20260405001824.0
041 _afre
042 _adc
100 1 0 _aUngerer, Tomi
_eauthor
245 0 0 _a« Voisins vigilants », le mitoyen engagé
260 _c2014.
500 _a92
690 _aRaphaël Enthoven
690 _aSurveillance
690 _aTotalitarisme
690 _aVigilance
690 _aVoisinage
786 0 _nPhilosophie magazine | 83 | 10 | 2014-10-01 | p. 7-7 | 1951-1787
856 4 1 _uhttps://shs.cairn.info/magazine-philosophie-magazine-2014-10-page-7?lang=fr&redirect-ssocas=7080
999 _c2051438
_d2051438